000 00435 a2200157 4500
003 OSt
005 20240801160422.0
008 231017b |||||||| |||| 00| 0 eng d
040 _coclc
082 _a892.73
_bKEE/K
100 _akeelani,najeeb
_910473
245 _aKariniyal /
_cNajeeb Keelani
260 _bWafy books,
_amalapuram:
_c2017
300 _a136 p
942 _2ddc
_cBK
_h892.73
_iKEE/K
_k892.73
_mKEE/K
999 _c42722
_d42722